Kabale University Library Catalogue

Mechanisms of animal behavior (Record no. 5891)

MARC details
000 -LEADER
fixed length control field 00668cam a22002051 4500
003 - CONTROL NUMBER IDENTIFIER
control field OSt
005 - DATE AND TIME OF LATEST TRANSACTION
control field 20260129111246.0
008 - FIXED-LENGTH DATA ELEMENTS--GENERAL INFORMATION
fixed length control field 711012s1966 nyua b 000 0 eng
040 ## - CATALOGING SOURCE
Original cataloging agency KABLIB
Transcribing agency KABLIB
Language of cataloging eng.
Description conventions rda
082 00 - DEWEY DECIMAL CLASSIFICATION NUMBER
Classification number 591.51
Edition number 23
Item number MAR
100 1# - MAIN ENTRY--PERSONAL NAME
Personal name Marler, Peter.
9 (RLIN) 14853
245 10 - TITLE STATEMENT
Title Mechanisms of animal behavior
Statement of responsibility, etc. [by] Peter Marler [and] William J. Hamilton, III.
260 ## - PUBLICATION, DISTRIBUTION, ETC.
Place of publication, distribution, etc. New York,
Name of publisher, distributor, etc. Wiley
Date of publication, distribution, etc. [1966]
300 ## - PHYSICAL DESCRIPTION
Extent x, 771 p. :
Other physical details illus. ;
Dimensions 24 cm.
336 ## - CONTENT TYPE
Content type term text
Content type code txt
Source rdacontent
504 ## - BIBLIOGRAPHY, ETC. NOTE
Bibliography, etc. note Includes bibliographies.
650 #0 - SUBJECT ADDED ENTRY--TOPICAL TERM
Topical term or geographic name entry element Animal behavior.
700 1# - ADDED ENTRY--PERSONAL NAME
Personal name Hamilton, William J.
Fuller form of name (William John),
Dates associated with a name 1931-
Relator term joint author.
9 (RLIN) 14854
942 ## - ADDED ENTRY ELEMENTS (KOHA)
Source of classification or shelving scheme Dewey Decimal Classification
Koha item type Book
Holdings
Withdrawn status Lost status Source of classification or shelving scheme Damaged status Not for loan Home library Current library Shelving location Date acquired Source of acquisition Total Checkouts Full call number Barcode Date last seen Price effective from Koha item type
    Dewey Decimal Classification     Education Library Education Library Open Access Section 29.01.2026 donation   591.51 MAR 14423 29.01.2026 29.01.2026 Book

Kabale University Library | Kabale University P.O Box 317, Kabale, Uganda
Tel : +256754017033, +256774661503 E-mail : library@kab.ac.ug